Mothers at work : public policies in the United States, Sweden, and China /

Bibliographic Details
Main Author: Adams, Carolyn Teich
Other Authors: Winston, Kathryn Teich, 1946-
Format: Book
Language:English
Published: New York : Longman, [1980]
Subjects:

MARC

Tag First Indicator Second Indicator Subfields
LEADER 00000pam a2200000 i 4500
001 in00000043149
005 20151007070856.0
008 790629s1980 nyu b 00110 eng
010 |a  79018670  
020 |a 0582280648 
035 |a (OCoLC)05196728 
035 |9 AAE4890AM 
040 |a DLC  |c DLC  |d TXA  |d UtOrBLW 
043 |a a-cc---  |a e-sw---  |a n-us--- 
049 |a TXAM  |c [1497270] 
050 0 0 |a HD6055  |b .A3 
082 0 |a 331.4 
100 1 |a Adams, Carolyn Teich. 
245 1 0 |a Mothers at work :  |b public policies in the United States, Sweden, and China /  |c Carolyn Teich Adams, Kathryn Teich Winston. 
264 1 |a New York :  |b Longman,  |c [1980] 
264 4 |c ©1980 
300 |a vi, 312 pages :  |b illustrations ;  |c 24 cm. 
336 |a text  |b txt  |2 rdacontent 
337 |a unmediated  |b n  |2 rdamedia 
338 |a volume  |b nc  |2 rdacarrier 
504 |a Includes bibliographical references and index. 
650 0 |a Mothers  |x Employment  |z United States. 
650 0 |a Mothers  |x Employment  |z Sweden. 
650 0 |a Mothers  |x Employment  |z China. 
650 0 |a Family policy  |z United States. 
650 0 |a Family policy  |z Sweden. 
650 0 |a Family policy  |z China. 
700 1 |a Winston, Kathryn Teich,  |d 1946- 
999 |a MARS 
999 f f |s 848105ba-33f6-3cd5-aca4-63fc5747e05a  |i 3ac8b263-2fd3-3858-b6a8-1efd9354cb3d  |t 0 
952 f f |p ric  |a Texas A&M University  |b Rellis Campus  |c Joint Library Facility  |d Remote Storage  |t 0  |e HD6055 .A3  |h Library of Congress classification  |i unmediated -- volume  |m A14802685332 
998 f f |a HD6055 .A3  |t 0  |l Remote Storage